Statistics for Indefinite Article in Germanic Languages

Click here to take the quiz!

General Stats

  • This quiz has been taken 31 times
    (23 since last reset)
  • The average score is 10 of 17

Answer Stats

Answer% Correct
Ei / En
94%
A
88%
An
88%
Ein
88%
Eine
88%
En
82%
Einem
76%
Een
71%
Einen
71%
Einer
65%
Eines
65%
Et
41%
Ett
29%
-er
24%
Eng
6%
Engem
6%
Enger
6%

Score Distribution

Percentile by Number Answered

Percent of People with Each Score

Your Score History

You have not taken this quiz since the last reset